000 00265nam a22001097a 4500
082 _a808.831
_bTIN
_cL-01, P-48
245 _aPuss in boots
260 _aIndia
_bTiny Tot Pub
300 _bill.
_c27 cm
526 _a0
_b0
_c0
_d808_831000000000000_TIN
942 _2ddc
_cBK
999 _c550091
_d550091